Guillermo de Ockham, O. F. M. El nominalismo y su irrupcin̤ en la Universidad de Pars̕ /

Detalles Bibliográficos
Autor principal: Gracia Ortiz, Diego Alejandro
Formato: eBook
Lenguaje:español
Publicado: Bogot:̀ Siglo del Hombre Editores, 2010
Materias:
Acceso en línea:Acceso restringido

MARC

LEADER 00000nam a22000007a 4500
005 20210429203944.0
007 cr|||| ||||
008 210429s2010 co |||||s|||| 00||0 spa d
020 |a 978-958-665-153-0 
035 |a 33177 
040 |a vLex 
090 |c 11552  |d 11552 
100 1 |a Gracia Ortiz, Diego Alejandro 
245 1 0 |a Guillermo de Ockham, O. F. M.  |h [Recurso electrn̤ico] :  |b El nominalismo y su irrupcin̤ en la Universidad de Pars̕ /  |c Diego Alejandro Gracia Ortiz 
256 |a Servicio en ln̕ea 
260 |a Bogot:̀  |b Siglo del Hombre Editores,  |c 2010 
300 |a 1 recurso electrn̤ico 
500 |a Lo interesante de la presente investigacin̤ del medievalista Diego Alejandro Gracia Ortiz es que no se centra en los problemas sobre la pobreza y la polt̕ica, sino que su foco de atencin̤ es la relacin̤ del ockhamismo con la universidad, una de las creaciones medievales de mayor resonancia. -Qu ̌signific ̤la universidad en la cultura medieval? Libro en coedicin̤ con la Universidad de San Buenaventura. 
506 1 |a Disponible solo en los productos indicados  |d vLex Global  |d vLex Global (Academic Edition, excluding Law Schools)  |d vLex Global (U.S. Academic Edition, Law Schools)  |d vLex Global (U.S. Academic Edition, excluding Law Schools)  |d vLex Global (Academic Edition, Law Schools) 
650 0 4 |a Derecho Militar  |z Colombia 
650 0 4 |a Filosofa̕ y religin̤  |z Colombia 
740 0 |a vLex Libros (Servicio en ln̕ea) 
856 4 0 |u https://vlex.com/source/guillermo-de-ockham-o-f-m-el-nominalismo-y-su-irrupcion-en-la-universidad-de-paris-33177  |z Acceso restringido 
942 |c BOOK 
999 0 |a Military Law 
999 0 |a Philosophy and religion